000
00212 a2200109 4500
020
_a
9789583039706
041
_a
spa
100
_a
Andersen,Hans Christian
245
_a
La Sirenita
942
_c
BK
952
_7
1
999
_c
16830
_d
16830